[Event "Winterthur-B"]
[Site "Winterthur"]
[Date "1996.??.??"]
[Round "7"]
[White "Von Allmen, Alain"]
[Black "Atlas, Valeri"]
[Result "0-1"]
[WhiteElo "2220"]
[BlackElo "2470"]

1.d4 e6 2.c4 Nf6 3.g3 Bb4+ 4.Bd2 Be7 5.Bg2 d5 6.Nf3 c6 7.Qc2 O-O 8.O-O b6
9.Rd1 Bb7 10.b3 Na6 11.Nc3 Rc8 12.e4 Nd7 13.Bf4 Nc7 14.Rac1 b5 15.Qe2 bxc4
16.bxc4 Ba6 17.Qc2 Bxc4 18.Qa4 Nb5 19.Nxb5 cxb5 20.Qxa7 Ra8 21.Qb7 Qc8 22.Qxc8 Rfxc8
23.exd5 Bxd5 24.Rb1 b4 25.Ne1 Rxa2 26.Nd3 Bxg2 27.Kxg2 Rc4 28.Bd2 Rxd4 29.Be3 Rd5
30.Nxb4 Rxd1 31.Rxd1 Bxb4 32.Rxd7 h6 33.h4 h5 34.Kf3 Ra5 35.Kg2 Rd5 36.Rb7 Bc3
37.Rc7 Bf6 38.Rc4 Kh7 39.Kh3 Rd1 40.Kg2 Kg6 41.Ra4 Rb1 42.Rc4 Rb7 43.Ra4 Be7
44.Kf3 Rb4 45.Ra7 Bf6 46.Ra5 Rc4 47.Rb5 Ra4 48.Kg2 Rc4 49.Kf3 Be7 50.Rb7 Bf8
51.Rb8 Bd6 52.Rb5 Rg4 53.Rb6 Bc7 54.Rc6 Be5 55.Rc5 f6 56.Ra5 Rc4 57.Ra6 Kf5
58.Ra5 Rc3 59.Kg2 Kg6 60.Ra6 Kf7 61.Ra7+ Rc7 62.Ra5 Kg6 63.Ra6 Re7 64.Kf3 Re8
65.Ke4 Bc3 66.Rc6 Bb4 67.Rb6 Bf8 68.Ra6 e5 69.Rc6 Ra8 70.Rc4 Rb8 71.Kf3 Kf5
72.Ra4 Bb4 73.Ra7 g6 74.Rc7 Rb5 75.Rc8 Ba5 76.Rc4 Rb3 77.Kg2 Bc3 78.Ra4 Bb2
79.Rc4 Rd3 80.Rc2 Bc3 81.Re2 Rd5 82.Rc2 Bd4 83.Re2 Rb5 84.Kf3 Rb3 85.Rc2 Rb2
86.Rxb2 Bxb2 87.Bd2 Bd4 88.Bc1 e4+ 89.Kg2 Kg4 90.Bd2 Be5 91.Be3 f5 92.Bg5 f4
93.gxf4 Bxf4 94.Be7 Be5 95.Bg5 Bd4 96.Be7 Kf5 97.Bg5 Bf6 98.Bxf6 Kxf6 99.f4 Kf5
100.Kg3 e3  0-1

[Event "Oberliga Wuert9697"]
[Site "Wuerttemberg"]
[Date "1996.??.??"]
[Round "?"]
[White "Fochtler, Ekkehard"]
[Black "Holzhaeuer, Mathias"]
[Result "1/2-1/2"]
[WhiteElo "2245"]
[BlackElo "2360"]

1.d4 Nf6 2.c4 e6 3.g3 Bb4+ 4.Bd2 Qe7 5.Bg2 Nc6 6.Nf3 Bxd2+ 7.Nbxd2 d6 8.O-O a5
9.e4 e5 10.d5 Nb8 11.c5 O-O 12.cxd6 cxd6 13.Ne1 Na6 14.Nd3 Bd7 15.Nc4 Bb5
16.Rc1 Rfc8 17.Qb3 Nc5 18.Nxc5 Rxc5 19.a4 Ba6 20.Rc3 Rac8 21.Rfc1 Qd8 22.Nb6 Rxc3
23.Rxc3 Rxc3 24.Qxc3  1/2-1/2

[Event "Wuerzburg op"]
[Site "Wuerzburg"]
[Date "1996.??.??"]
[Round "3.11"]
[White "Ksieski, Zbigniew"]
[Black "Sprotte, Norbert"]
[Result "1-0"]
[WhiteElo "2400"]
[BlackElo "2235"]

1.d4 Nf6 2.c4 e6 3.g3 Bb4+ 4.Nd2 d5 5.Bg2 O-O 6.Nf3 dxc4 7.O-O c3 8.Nc4 Nc6
9.Qb3 cxb2 10.Bxb2 a5 11.Rac1 a4 12.Qc2 a3 13.Ba1 h6 14.e4 Bd7 15.Rb1 Rb8
16.d5 exd5 17.Bxf6 Qxf6 18.exd5 Bf5 19.Qb3 Bxb1 20.Rxb1 Bc5 21.dxc6 bxc6
22.Qxb8 Rxb8 23.Rxb8+ Kh7 24.Nce5 Qe6 25.Nd3 Bb6 26.Nfe5 Qxa2 27.Bxc6 Qb1+
28.Kg2 a2 29.Nxf7 a1=Q 30.Rh8+ Kg6 31.Nfe5+ Qxe5 32.Nxe5+ Kf6 33.Re8 Bd4
34.Nd7+ Kf7 35.Re4 Bf6 36.Bd5+ Kg6 37.Rg4+ Kf5 38.Rf4+ Kg5 39.h4+  1-0

[Event "Yalta op"]
[Site "Yalta"]
[Date "1996.??.??"]
[Round "5"]
[White "Neverov, Valeriy"]
[Black "Kushch, Nikolai"]
[Result "1-0"]
[WhiteElo "2515"]
[BlackElo "2370"]

1.d4 Nf6 2.c4 e6 3.g3 Bb4+ 4.Bd2 Be7 5.Bg2 d5 6.Nf3 O-O 7.O-O b6 8.cxd5 exd5
9.Nc3 Bb7 10.Rc1 Na6 11.Bf4 Rc8 12.Nb5 Qd7 13.Nxa7 Ra8 14.Ne5 Qe8 15.Nac6 Bd6
16.a3 Qe6 17.Qb3 h6 18.Rc2 Rfe8 19.Rfc1 g5 20.Bd2 Ne4 21.Be1 Kg7 22.f3 Nf6
23.Bf2 Nb8 24.Nxb8 Raxb8 25.Qb5 Ra8 26.Rxc7 Bxc7 27.Rxc7 Ba6 28.Qb4 Rf8 29.h4 Rac8
30.Ra7 b5 31.hxg5 hxg5 32.Qd2 Nh7 33.Nd7 Qe7 34.Nxf8 Qxa7 35.Nxh7 Kxh7 36.Qxg5 Qd7
37.Qh4+ Kg6 38.Bh3 Rc1+ 39.Kg2 Qc6 40.Be3  1-0

[Event "Yerevan ol (Men)"]
[Site "Yerevan"]
[Date "1996.??.??"]
[Round "2"]
[White "Nikolaidis, Ioannis"]
[Black "Gausel, Einar"]
[Result "1-0"]
[WhiteElo "2585"]
[BlackElo "2520"]

1.d4 Nf6 2.c4 e6 3.g3 Bb4+ 4.Nd2 d5 5.Bg2 O-O 6.Qb3 Nc6 7.Nf3 dxc4 8.Qxc4 Qd5
9.O-O Bxd2 10.Qxd5 exd5 11.Bxd2 Re8 12.e3 Ne4 13.Rfc1 a5 14.Be1 Re7 15.Nd2 Nf6
16.Nb3 Bf5 17.Rxc6 bxc6 18.Nxa5 Bd7 19.a4 Ne4 20.b4 Ree8 21.Ra3 Reb8 22.f3 Nd6
23.Bf1 f5 24.h3 g5 25.g4 h5 26.gxh5 f4 27.exf4 gxf4 28.Nb3 Nf5 29.Nc5 Be8
30.Bc3 Bxh5 31.Nd7 Bxf3 32.Nxb8 Rxb8 33.a5 Ng3 34.Bd2 Be4 35.a6 f3 36.Bf4 Nxf1
37.a7 Ra8 38.Kxf1 Kf7 39.Bxc7 Ke6 40.Kf2 Kd7 41.Bb8 Kc8 42.h4 Kb7 43.Rxf3  1-0

[Event "Yerevan ol (Men)"]
[Site "Yerevan"]
[Date "1996.??.??"]
[Round "8"]
[White "Haba, Petr"]
[Black "Juswanto, Denny"]
[Result "1-0"]
[WhiteElo "2485"]
[BlackElo "2405"]

1.d4 Nf6 2.c4 e6 3.g3 Bb4+ 4.Nd2 O-O 5.Bg2 c5 6.a3 Bxd2+ 7.Qxd2 cxd4 8.Nf3 d5
9.cxd5 Qxd5 10.Qxd4 Nc6 11.Qxd5 Nxd5 12.Bd2 Rd8 13.O-O e5 14.Rfd1 f6 15.b4 a6
16.a4 e4 17.Ne1 Bg4 18.f3 exf3 19.exf3 Bf5 20.b5 axb5 21.axb5 Rxa1 22.Rxa1 Ne5
23.f4 Nc4 24.Ra8 Rxa8 25.Bxd5+ Kf8 26.Bxc4 Ke7 27.Kf2 Ra4 28.Bf1 Ra2 29.Ke3 Rb2
30.Bc3 Rxh2 31.Bg2 Bc8 32.b6 Rh5 33.Bb4+ Ke8 34.Bd6 Rb5 35.Bc7 g5 36.Nd3 h5
37.Kd4 h4 38.gxh4 gxh4 39.Nc5 h3 40.Bf3 h2 41.Nxb7 Rb3 42.Bc6+ Bd7 43.Nd6+ Ke7
44.Bh1 Rb4+ 45.Ke3 Rb1 46.b7 Rxh1 47.b8=Q Re1+ 48.Kf2  1-0

[Event "Yerevan op"]
[Site "Yerevan"]
[Date "1996.??.??"]
[Round "8"]
[White "Raetsky, Alexander"]
[Black "Aslanian, Ludmila K"]
[Result "1-0"]
[WhiteElo "2485"]
[BlackElo "2195"]

1.d4 Nf6 2.c4 e6 3.g3 Bb4+ 4.Nd2 d5 5.Bg2 O-O 6.Nf3 b6 7.O-O Bb7 8.Qa4 Bxd2
9.Bxd2 dxc4 10.Bg5 Bd5 11.Rfe1 Qd7 12.Qc2 Qb5 13.Bxf6 gxf6 14.e4 Bb7 15.d5 e5
16.Nh4 Bc8 17.Qd2 Qc5 18.Rac1 b5 19.b3 Nd7 20.bxc4 bxc4 21.Qh6 Nb6 22.Nf5 Bxf5
23.exf5  1-0

[Event "Yerevan ol (Men)"]
[Site "Yerevan"]
[Date "1996.??.??"]
[Round "9"]
[White "Dizdar, Goran"]
[Black "Kurajica, Bojan"]
[Result "1/2-1/2"]
[WhiteElo "2535"]
[BlackElo "2490"]

1.d4 Nf6 2.c4 e6 3.g3 Bb4+ 4.Bd2 Qe7 5.Nf3 O-O 6.Bg2 Bxd2+ 7.Qxd2 d6 8.Nc3 e5
9.O-O Re8 10.e4 Bg4 11.Ne1 Nc6 12.Nc2 exd4 13.Nxd4 Ne5 14.Nd5 Qd8 15.Ne3 c5
16.Nxg4 cxd4 17.Nxf6+ Qxf6 18.b3 Nf3+ 19.Bxf3 Qxf3 20.Rfe1 Rxe4 21.Rxe4 Qxe4
22.Re1 Qg4 23.Qd3 b6 24.Re4 Qd7 25.Qxd4 g6 26.Qe3 Qf5 27.Kg2 h5 28.h3 Rd8
29.Re7 d5 30.Rxa7 dxc4 31.bxc4 Rd3 32.Qe2 Rc3 33.Ra8+ Kh7 34.Rf8 Kg7 35.Re8 Rc2
36.Qe3 Qc5 37.Qxc5 bxc5 38.Re4 Rxa2 39.Re5 Ra5 40.Rd5 Kf6 41.Kf3 Ke6 42.Kf4 f6
43.h4 Ke7 44.f3 Ke6 45.Ke4 Ke7 46.Rd3 Ra6 47.g4 hxg4 48.fxg4 Ra1 49.h5 gxh5
50.gxh5 Rh1 51.Rd5 Rh4+ 52.Kd3 Rh3+ 53.Kc2 Ke6 54.Rxc5 f5 55.h6 Kd7  1/2-1/2

[Event "Zaragoza-B op"]
[Site "Zaragoza"]
[Date "1996.??.??"]
[Round "?"]
[White "Malo Guillen, Jose Luis"]
[Black "Garcia, F."]
[Result "1/2-1/2"]
[WhiteElo "2155"]
[BlackElo "2315"]

1.d4 Nf6 2.c4 e6 3.g3 Bb4+ 4.Bd2 a5 5.Bg2 O-O 6.Nf3 d6 7.O-O Bxd2 8.Qxd2 Qe7
9.Nc3 c6 10.e4 e5 11.h3 Nbd7 12.Rfe1 exd4 13.Nxd4 Ne5 14.b3 c5 15.Ndb5 Rd8
16.f4 Ng6 17.Rad1 Nh5 18.Nd5 Qf8 19.Qc3 Bd7 20.Ndc7 Rac8 21.Rxd6 Rxc7 22.Rxg6 Bxb5
23.Rg5 Bc6 24.Rxh5 b6 25.Rd5 Bxd5 26.cxd5 c4 27.bxc4 Qc5+ 28.Qe3 Qxe3+ 29.Rxe3 Rxc4
30.Rb3 Rc1+ 31.Kh2 Rc2 32.a4 f5 33.Kg1 fxe4 34.Bxe4 Rc4 35.Bf5 Rd6 36.Be6+ Kf8
37.Ra3 Rc2 38.h4 h5 39.Kf1 Ke7 40.Ke1 g6 41.Kd1 Rg2 42.Rc3 Kf6 43.Ke1 Ra2
44.Rc7 Rxe6+ 45.dxe6 Rxa4 46.Kf2 Re4 47.f5 gxf5 48.Rf7+ Kxe6 49.Rh7 b5 50.Rxh5 b4
51.Rh6+ Kf7 52.Ra6 b3 53.Rxa5 Rb4 54.Ra1 b2 55.Rb1 Kg6 56.Ke3 Kf6 57.Kd3 Rb3+
58.Kc2 Rxg3 59.Kxb2 Rh3 60.Kc2 Rxh4 61.Kd3 Re4 62.Rg1 Re8 63.Rg2 Ra8 64.Ke3 Ke5
65.Rb2 Ra3+ 66.Kf2 Kf4 67.Rb4+ Kg5 68.Rb5 Kg4 69.Rb2 f4 70.Kg2 Rg3+ 71.Kf2 Rh3
72.Rb8 Rh2+ 73.Kg1 Rh5 74.Kf2 Rg5 75.Rf8  1/2-1/2

[Event "Zaragoza op"]
[Site "Zaragoza"]
[Date "1996.??.??"]
[Round "2"]
[White "Razuvaev, Yuri S"]
[Black "Pogorelov, Ruslan"]
[Result "1/2-1/2"]
[WhiteElo "2580"]
[BlackElo "2440"]

1.d4 Nf6 2.c4 e6 3.g3 Bb4+ 4.Bd2 Be7 5.Bg2 d5 6.Nf3 c6 7.Qc2 O-O 8.O-O b6
9.Bf4 Bb7 10.Rd1 Nbd7 11.Nc3 Nh5 12.Bc1 f5 13.b3 Qe8 14.e3 Nhf6 15.Ne2 Ne4
16.a4 a5 17.Nf4 Bd6 18.Ba3 Bxa3 19.Rxa3 Qe7 20.Raa1 g5 21.Nd3 Qg7 22.Rac1 c5
23.Nfe5 Rfd8 24.f3 Nd6 25.dxc5 Nxc5 26.Nxc5 bxc5  1/2-1/2

[Event "Clarin GP-f"]
[Site "Villa Gesell"]
[Date "1997.03.04"]
[Round "3"]
[White "Ricardi, Pablo"]
[Black "Garcia Palermo, Carlos"]
[Result "1-0"]
[WhiteElo "2575"]
[BlackElo "2480"]

1.d4 Nf6 2.c4 e6 3.g3 Bb4+ 4.Bd2 Qe7 5.Bg2 Nc6 6.a3 Bxd2+ 7.Qxd2 e5 8.d5 Nd4
9.Qd1 d6 10.e3 Nf5 11.Nc3 h5 12.h3 Bd7 13.Nge2 c5 14.dxc6 Bxc6 15.Bxc6+ bxc6
16.Qa4 Qb7 17.O-O-O Rb8 18.Rd2 O-O 19.Qc2 g6 20.g4 hxg4 21.hxg4 Nxg4 22.Rg1 Ngh6
23.e4 Ng7 24.f4 Qe7 25.f5 Kh7 26.Qd3 Rbd8 27.Ng3 Rg8 28.Qe3 Nh5 29.Rh2 Qf8
30.Nxh5 gxh5 31.Rgh1  1-0

[Event "RUS-ch m1-2"]
[Site "Elista"]
[Date "1997.05.20"]
[Round "1.2"]
[White "Burmakin, Vladimir"]
[Black "Shipov, Sergei"]
[Result "1/2-1/2"]
[WhiteElo "2530"]
[BlackElo "2540"]

1.d4 Nf6 2.c4 e6 3.g3 Bb4+ 4.Bd2 Be7 5.Bg2 d5 6.Nf3 O-O 7.O-O c6 8.Qc2 b6
9.Rd1 Nbd7 10.b3 Bb7 11.Nc3 c5 12.cxd5 exd5 13.Bf4 Qc8 14.Rac1 Rd8 15.Nh4 g6
16.dxc5 Nxc5 17.Qb1 d4 18.Nb5 Bxg2 19.Nxg2 Qh3 20.f3 Ne6 21.Nc7 Rac8 22.Be5 Nxc7
23.Bxc7 Re8 24.Be5 Qe6 25.Bxd4 Qxe2 26.Rxc8 Rxc8 27.Re1 Qd3 28.Qd1 Qxd1 29.Rxd1 Rc2
30.a4 Nd5 31.Ne1 Re2 32.Nd3 Bf6 33.Bxf6 Nxf6 34.Nf4 Rb2 35.Rd3 Kg7 36.Ng2 Rb1+
37.Kf2 Rb2+ 38.Kg1 Ng8 39.Ne3 Ne7 40.Nc4 Rb1+ 41.Kg2 Nc6 42.Rd6 Nb8 43.Rd8 Nc6  1/2-1/2

[Event "RUS-Cup9"]
[Site "Novgorod"]
[Date "1997.06.20"]
[Round "8"]
[White "Evseev, Denis"]
[Black "Lopushnoy, Denis"]
[Result "0-1"]
[WhiteElo "2370"]
[BlackElo "2290"]

1.d4 Nf6 2.c4 e6 3.g3 Bb4+ 4.Bd2 Qe7 5.Bg2 Nc6 6.Nf3 Bxd2+ 7.Nbxd2 d6 8.O-O a5
9.e4 e5 10.d5 Nb8 11.Ne1 h5 12.f4 h4 13.f5 hxg3 14.hxg3 Nh5 15.Rf3 Qg5 16.Nf1 g6
17.Qd2 Qxd2 18.Nxd2 Na6 19.Nd3 gxf5 20.exf5 Nf6 21.c5 Nxd5 22.cxd6 cxd6 23.Ne4 Rh6
24.g4 Kf8 25.Rd1 Nac7 26.g5 Rh4 27.Ndf2 Ra6 28.Rfd3 Nf4 29.Rxd6 Bxf5 30.Nc5 Rxd6
31.Rxd6 Nxg2 32.Kxg2 Ne6 33.Nxb7 a4 34.Rb6 Nxg5 35.Rb5 f6 36.Nc5 Ne6 37.b4 axb3
38.Nxe6+ Bxe6 39.axb3 Kf7 40.b4 Rd4 41.Kg3 Bd5 42.Rb6 f5 43.b5 Rd2 44.Nh3 Ke7
45.Ng5 Rg2+ 46.Kh4 f4 47.Rg6 f3 48.b6 f2 49.Rg7+ Kf6 50.b7 f1=Q 51.b8=Q Qf4+  0-1

[Event "Komercni Banka op"]
[Site "Pardubice"]
[Date "1997.07.21"]
[Round "5"]
[White "Shtyrenkov, Veniamen"]
[Black "Kubala, Martin"]
[Result "0-1"]
[WhiteElo "2460"]
[BlackElo "2265"]

1.d4 e6 2.c4 Nf6 3.g3 Bb4+ 4.Nd2 O-O 5.Bg2 d5 6.Qc2 c5 7.dxc5 Bxc5 8.Nb3 Be7
9.Nf3 Nc6 10.cxd5 Nb4 11.Qb1 Qc7 12.O-O Qc2 13.Bd2 Qxb1 14.Raxb1 Nxa2 15.dxe6 Bxe6
16.Nfd4 Bd5 17.Nf5 Rfe8 18.Nxe7+ Rxe7 19.Nd4 Bxg2 20.Kxg2 Nd5 21.Kf3 f5 22.Rfd1 Nab4
23.Rbc1 Rae8 24.Rc4 Nc6 25.Nxc6 bxc6 26.Rxc6 Rxe2 27.Bg5 R2e5 28.Rc5 Nb6
29.Rc7 h6 30.Bf4 R5e7 31.Rxe7 Rxe7 32.Be3 Nc4 33.Bd4 Rd7 34.Ke2 Kf7 35.Bc3 Rxd1
36.Kxd1 g5 37.Kc2 Ke6 38.Kb3 Kd5 39.Kb4 Nd6 40.f3 g4 41.fxg4 fxg4 42.b3 Ne4
43.Bg7 h5 44.Bh6 Kd4 45.Ka5 Nc5 46.b4 Nd3 47.Bf8 Kc4 48.Be7 Ne5 49.Bd6 Nc6+
50.Ka4 a6 51.Bf8 Kd5 52.Kb3 Nd4+ 53.Ka4 Kc6 54.Bc5 Nf3 55.Ka5 Kb7 56.Bd6 Nd2
57.Bf4 Nc4+ 58.Ka4 Kc6 59.Kb3 Kb5 60.Kc3 Nb6 61.Bd2 Nd5+ 62.Kb3 Nf6 63.Bg5 Ne4
64.Be3 Nd6 65.Kc3 Nf5 66.Bd2 Ne7 67.Kb3 Nd5 68.Ka3 Kc4 69.Ka4 Kd4 70.Bh6 Ke4
71.Ka5 Kf3 72.Bf8 Kg2 73.Bd6 Kxh2 74.Be5 Kg2 75.Bb8 Ne7 76.Kb6 Kf3 77.Be5 Ke4
78.Bb8 Kd5 79.Bf4 Kc4 80.Bd2 Nd5+ 81.Ka5 Kd3 82.Bg5 Kc3 83.b5 axb5 84.Kxb5 Kd4
85.Kc6 Ne3 86.Kd6 Nf5+ 87.Ke6 Ke4 88.Kf6 Nxg3 89.Kg6 Nf5  0-1

[Event "Montecatini Terme op"]
[Site "Montecatini Terme"]
[Date "1997.08.03"]
[Round "3"]
[White "Ulibin, Mikhail"]
[Black "Mantovani, Renzo"]
[Result "1-0"]
[WhiteElo "2535"]
[BlackElo "2375"]

1.d4 Nf6 2.c4 e6 3.g3 Bb4+ 4.Bd2 Bxd2+ 5.Qxd2 O-O 6.Bg2 d5 7.Nf3 Nbd7 8.Qc2 dxc4
9.Na3 c5 10.O-O Qc7 11.Qxc4 b6 12.dxc5 Qxc5 13.Nd4 Rb8 14.Nc6 Rb7 15.b4 Qxc4
16.Nxc4 Nb8 17.N6e5 Re7 18.Nd6 Rd8 19.Rfd1 Nd5 20.Nexf7 Rf8 21.Nxc8 Rexf7
22.Bh3 Rf6 23.Nxa7 Nc3 24.Rf1 Nxe2+ 25.Kg2 Rg6 26.Kh1 Rh6 27.Bg4 Nd4 28.Rad1 e5
29.f4 Rg6 30.Bh3 Rh6 31.Bg2 Nf5 32.Bd5+ Kh8 33.Rd3 exf4 34.gxf4 Rd8 35.Rfd1 Rh4
36.Be6 Rxd3 37.Rxd3 g6 38.Bxf5 gxf5 39.Rd8+ Kg7 40.Rxb8 Rxf4 41.Rxb6 Rf2
42.a4 h5 43.Kg1 Ra2  1-0

[Event "MK Cafe op-A"]
[Site "Koszalin"]
[Date "1997.08.05"]
[Round "4"]
[White "Krasenkova, Ilena"]
[Black "Lopushnoy, Denis"]
[Result "1-0"]
[WhiteElo "2245"]
[BlackElo "2385"]

1.d4 Nf6 2.c4 e6 3.g3 Bb4+ 4.Bd2 Qe7 5.Bg2 Nc6 6.Nf3 Bxd2+ 7.Nbxd2 d6 8.O-O a5
9.e3 e5 10.Ng5 O-O 11.Nge4 Nxe4 12.Nxe4 f5 13.Nc3 Kh8 14.Rc1 Qf7 15.c5 f4
16.exf4 exf4 17.cxd6 f3 18.Bh1 cxd6 19.Ne4 Qxa2 20.d5 Ne5 21.Qd4 Bh3 22.Rfd1 Nf7
23.Bxf3 Rac8 24.Bg2 Rxc1 25.Rxc1 Rc8 26.Re1 Bxg2 27.Kxg2 h6 28.Re2 Qc4 29.Qxc4 Rxc4
30.f4 Kg8 31.Kf3 Kf8 32.h4 b5 33.g4 Rb4 34.g5 hxg5 35.hxg5 Rd4 36.g6 Rxd5
37.gxf7 Kxf7 38.Ng5+ Kf6 39.Kg4 g6 40.Re6+ Kg7 41.Ne4 Rd4 42.Nxd6 Rb4 43.Re2 Kf6
44.Ne8+ Kf7 45.Kg5 a4 46.Nd6+ Kg7 47.Re7+ Kf8 48.Rf7+ Kg8 49.Kxg6 Rxb2 50.Ra7 Rg2+
51.Kf6 b4 52.Rxa4 b3 53.Rb4  1-0

[Event "MK Cafe op-A"]
[Site "Koszalin"]
[Date "1997.08.07"]
[Round "6"]
[White "Krasenkova, Ilena"]
[Black "Grabarczyk, Miroslaw"]
[Result "0-1"]
[WhiteElo "2245"]
[BlackElo "2480"]

1.d4 Nf6 2.c4 e6 3.g3 Bb4+ 4.Bd2 Be7 5.Bg2 d5 6.Nf3 O-O 7.O-O c6 8.Qb3 Nbd7
9.Rc1 b6 10.Bg5 Bb7 11.Nc3 h6 12.Bxf6 Nxf6 13.cxd5 cxd5 14.Ne5 Nd7 15.Nd3 Nb8
16.Ne5 Nd7 17.Nd3 Qb8 18.a4 Rc8 19.Nb5 a6 20.Na3 Rc6 21.Rxc6 Bxc6 22.Rc1 Bb7
23.Nb4 Qd6 24.Nd3 Qb8 25.e3 Bd6 26.Nc2 Qd8 27.Nce1 a5 28.f4 Ba6 29.Rc6 Bf8
30.Qc2 Bb7 31.Rc3 Nf6 32.Ne5 Bd6 33.N1d3 Ne4 34.Bxe4 dxe4 35.Nf2 f5 36.Qb3 Bd5
37.Qd1 Rc8 38.Qc2 Rxc3 39.Qxc3 Qe8 40.Qc2 Kh7 41.Nd1 Bb4 42.Nc3 Qc8 43.Kf2 Qc7
44.Qe2 Bxc3 45.bxc3 Qxc3 46.Qh5 Qd2+ 47.Kf1 Bc4+ 48.Nxc4 Qc1+ 49.Kg2 Qxc4
50.Qf7 Qe2+ 51.Kh3 Qg4+ 52.Kg2 Qf3+ 53.Kh3 h5 54.Qxe6 Qg4+ 55.Kg2 h4 56.Qf7 h3+
57.Kf1 Qf3+ 58.Ke1 Qxe3+ 59.Kf1 Qf3+ 60.Ke1 Qh1+ 61.Kd2 Qxh2+  0-1

[Event "Budapest FS08 GM"]
[Site "Budapest"]
[Date "1997.08.08"]
[Round "7"]
[White "Almasi, Istvan"]
[Black "Csom, Istvan"]
[Result "1/2-1/2"]
[WhiteElo "2430"]
[BlackElo "2460"]

1.d4 Nf6 2.c4 e6 3.g3 Bb4+ 4.Bd2 Qe7 5.Bg2 Nc6 6.Nf3 Bxd2+ 7.Nbxd2 d6 8.O-O e5
9.d5 Nb8 10.e4 O-O 11.Ne1 a5 12.Nd3 Nfd7 13.f4 Na6 14.a3 Nac5 15.Nxc5 Nxc5
16.b4 Nd7  1/2-1/2

[Event "Terres Catalanes 15th"]
[Site "Ampuriabrava"]
[Date "1997.09.22"]
[Round "5"]
[White "Cifuentes Parada, Roberto"]
[Black "Garcia Ilundain, David"]
[Result "1-0"]
[WhiteElo "2555"]
[BlackElo "2495"]

1.d4 Nf6 2.c4 e6 3.g3 Bb4+ 4.Bd2 Qe7 5.Bg2 O-O 6.Nf3 Bxd2+ 7.Nbxd2 d6 8.O-O e5
9.e4 a5 10.Qb3 exd4 11.Nxd4 Na6 12.Rfe1 Nc5 13.Qc3 Bd7 14.h3 g6 15.Re3 Na4
16.Qc2 Nh5 17.Rae1 Rae8 18.Nb5 Nc5 19.Qc3 c6 20.Nd4 Qd8 21.b3 Re7 22.Nc2 Rfe8
23.Qd4 Re6 24.e5 Rxe5 25.Rxe5 Rxe5 26.Rxe5 dxe5 27.Qxc5 Bf5 28.Ne3 Qxd2 29.Qxe5 Qe1+
30.Bf1 Bd7 31.Qb8+ Kg7 32.g4 Nf6 33.Qe5  1-0

[Event "Terres Catalanes 15th"]
[Site "Ampuriabrava"]
[Date "1997.09.23"]
[Round "6"]
[White "Cifuentes Parada, Roberto"]
[Black "Vehi Bach, Victor Manuel"]
[Result "1/2-1/2"]
[WhiteElo "2555"]
[BlackElo "2395"]

1.d4 Nf6 2.c4 e6 3.g3 Bb4+ 4.Bd2 Be7 5.Bg2 d5 6.Nf3 O-O 7.O-O c6 8.Qc2 b6
9.Bf4 Ba6 10.Nbd2 Nbd7 11.Rac1 Nh5 12.Be3 Bb7 13.cxd5 exd5 14.Qf5 g6 15.Qd3 a5
16.Rfe1 Re8 17.Bh6 c5 18.b3 Bf6 19.e3 Ng7 20.h4 Ne6 21.Nb1 a4 22.Red1 axb3
23.axb3 Qe7 24.Nc3 cxd4 25.exd4 Qb4 26.Qb5 Qd6 27.Ne5 Nxe5 28.dxe5 Bxe5 29.Bxd5 Nd4
30.Bxb7 Nxb5 31.Rxd6 Nxd6 32.Bxa8 Rxa8 33.Nd5 Nf5 34.Nxb6 Re8 35.Bd2 Nd4  1/2-1/2

[Event "Copa Itau Mercosul"]
[Site "Sao Paulo"]
[Date "1997.10.21"]
[Round "3"]
[White "Sorokin, Maxim"]
[Black "Nagashima, Carlos"]
[Result "1-0"]
[WhiteElo "2555"]
[BlackElo "2135"]

1.d4 Nf6 2.c4 e6 3.g3 Bb4+ 4.Bd2 Qe7 5.Nf3 Ne4 6.Bg2 Nxd2 7.Nbxd2 O-O 8.O-O d5
9.Rc1 c6 10.e4 dxe4 11.Nxe4 Ba5 12.Qc2 h6 13.Ne5 Nd7 14.c5 Bc7 15.Qc3 Nf6
16.Nxf6+ Qxf6 17.Rfe1 Rd8 18.Re4 Bxe5 19.dxe5 Qg5 20.Rf4 Bd7 21.Rd1 Be8 22.Rd6 Rxd6
23.exd6 Qd8 24.Rb4 Qd7 25.Rg4 f5 26.Ra4 Bh5 27.Qe5 Bf7 28.Ra3 Qd8 29.b4 Qd7
30.Bf1 a6 31.Bc4 Re8 32.Rd3 Ra8 33.a4 Re8 34.Rd4 Kh7 35.h3 Qd8 36.d7  1-0

[Event "SG Turm Trier"]
[Site "Trier"]
[Date "1997.10.29"]
[Round "3"]
[White "Spacek, Petr"]
[Black "Becker, Marc"]
[Result "1/2-1/2"]
[WhiteElo "2395"]
[BlackElo "2430"]

1.d4 Nf6 2.c4 e6 3.g3 Bb4+ 4.Bd2 Qe7 5.Bg2 Nc6 6.Nf3 Bxd2+ 7.Nbxd2 d6 8.O-O a5
9.Nb1 e5 10.d5 Nb8 11.Nc3 O-O 12.Nd2 Na6 13.a3 Bd7 14.Rb1 Nc5 15.b4 axb4
16.axb4 Na4 17.Qb3 Nxc3 18.Qxc3 Bg4 19.f3 Bd7 20.e4 c6 21.Rfc1 Rfc8 22.Qe3 Qd8
23.Bf1 Qc7 24.Nb3 Ra3 25.Ra1 Rca8 26.Rxa3 Rxa3 27.Ra1 Rxa1 28.Nxa1 c5 29.Nc2 b6
30.b5 Qa7 31.Qa3 Qxa3 32.Nxa3 Kf8 33.Nb1 Ke7 34.Nc3 Kd8 35.h4 h6 36.Kh2 g5
37.hxg5 hxg5 38.Bh3 g4 39.fxg4 Bxg4 40.Kg2 Bh5 41.Bf5 Ng4 42.Kf3 Nh2+ 43.Kg2 Ng4
44.Nd1 Nf6 45.Nb2 Ng4 46.Kf3 Nh2+ 47.Ke3 Ng4+ 48.Kd2 Nh2 49.Bh3 Nf3+ 50.Ke3 Ng5
51.g4 Bg6 52.Bg2 Kc7 53.Na4  1/2-1/2

[Event "Karpov GM"]
[Site "Singapore"]
[Date "1997.12.17"]
[Round "4"]
[White "Ardiansyah, Haji"]
[Black "Wong Meng Kong"]
[Result "0-1"]
[WhiteElo "2415"]
[BlackElo "2415"]

1.d4 Nf6 2.c4 e6 3.g3 Bb4+ 4.Bd2 Qe7 5.Bg2 O-O 6.Nf3 Re8 7.O-O Bxd2 8.Qxd2 d6
9.Nc3 e5 10.e4 Na6 11.Rfe1 Bg4 12.Nh4 exd4 13.Qxd4 Qe5 14.Qd2 Qe6 15.b3 Bh3
16.Bh1 c6 17.f4 Rad8 18.Nf3 Qe7 19.Nd4 Qc7 20.Bf3 Nc5 21.b4 Ne6 22.Kh1 a5
23.a3 Qb6 24.Nc2 h6 25.Rab1 axb4 26.axb4 Nf8 27.Ne3 Bc8 28.Bg2 Ng4 29.Nxg4 Bxg4
30.f5 Bh5 31.f6 g5 32.c5 Qc7 33.Qf2 Re5 34.Nd1 Bxd1 35.Rexd1 dxc5 36.bxc5 Rxd1+
37.Rxd1 Qa5 38.Qe2 Nh7 39.h3 Nxf6 40.Rf1 Kg7 41.Qb2 Qc7 42.Rf5 Rxf5 43.exf5 Qxg3
44.Qxb7 Qe1+ 45.Kh2 Qe5+ 46.Kh1 Qxc5 47.Qxc6 Qxf5 48.Qc3 Qf4 49.Kg1 h5 50.Kh1 Qf2
51.Qe5 Qd2 52.h4 gxh4 53.Kh2 Kg6 54.Kh3 Qd7+  0-1

[Event "EU-ch Rapid (Women)"]
[Site "Athens"]
[Date "1997.??.??"]
[Round "4"]
[White "Cuevas Rodriguez, Ma Luisa"]
[Black "Jap Tjoen San, Linda"]
[Result "1/2-1/2"]
[WhiteElo "2210"]
[BlackElo "2175"]

1.d4 Nf6 2.c4 e6 3.g3 Bb4+ 4.Bd2 Bxd2+ 5.Qxd2 d5 6.Bg2 O-O 7.Qc2 Nbd7 8.Nd2 Re8
9.Ngf3 c6 10.O-O e5 11.cxd5 Nxd5 12.Ne4 exd4 13.Nd6 Re6 14.Nxc8 Rxc8 15.Nxd4 Re8
16.Rad1 g6 17.a3 Qe7 18.e4 N5f6 19.Rfe1 Qc5 20.Qb1 Rcd8 21.b4 Qb6 22.Nb3 Ng4
23.Qc2 Qa6 24.h3 Ngf6 25.Qb2 Qb5 26.Rd4 Qe5 27.f4 Qe7 28.Red1 Nb6 29.Nc5 Rxd4
30.Qxd4 Nh5 31.Kh2 Ng7 32.f5 gxf5 33.exf5 Nxf5 34.Qg4+ Ng7 35.Rf1 h5 36.Qf4 Nd5  1/2-1/2

[Event "Oberliga Bayern9697"]
[Site "Bayern"]
[Date "1997.??.??"]
[Round "?"]
[White "Urban, Klaudiusz"]
[Black "Mandl, Robert"]
[Result "1/2-1/2"]
[WhiteElo "2470"]
[BlackElo "2410"]

1.d4 Nf6 2.c4 e6 3.g3 Bb4+ 4.Bd2 c5 5.Bg2 O-O 6.Nf3 d6 7.O-O Re8 8.a3 Bxd2
9.Qxd2 Nc6 10.Rd1 Qb6 11.e3 Na5 12.Qc3 Qb3 13.Qxb3 Nxb3 14.Ra2 e5 15.d5 e4
16.Nfd2 Bg4 17.Re1 Nxd2 18.Nxd2 a5 19.a4 Ra6 20.Kf1 Rb6 21.h3 Bd7 22.Ke2 g5
23.Kd1 Rb4 24.b3 Bf5 25.Kc2 Kg7 26.Kc3 Nd7 27.Rh1 h6 28.Raa1 Rb6 29.Bf1 Bg6
30.Be2 Ra6 31.Bd1 Raa8 32.Bc2 Nf6 33.Raf1 Re5 34.Re1 Rae8 35.Nb1 Kf8 36.Nd2 Kg7
37.Rhf1 R5e7 38.Nb1 Nd7 39.Nd2 Nf6 40.Re2 Bh7 41.Ree1 Bf5  1/2-1/2

[Event "Biel op MTO"]
[Site "Biel"]
[Date "1997.??.??"]
[Round "4"]
[White "Tukmakov, Vladimir B"]
[Black "Polak, Tomas"]
[Result "1/2-1/2"]
[WhiteElo "2575"]
[BlackElo "2470"]

1.d4 Nf6 2.c4 e6 3.g3 Bb4+ 4.Bd2 Be7 5.Bg2 d5 6.Nf3 O-O 7.O-O c6 8.Qc2 Nbd7
9.Bf4 b6 10.Nbd2 Nh5 11.Be3 Bb7 12.Rfd1 Nhf6 13.Bg5 h6 14.Bxf6 Bxf6 15.e4 Rc8
16.Nb3 a5 17.Rac1 Ba6 18.Bf1 Re8 19.e5 Be7 20.Qb1 Nb8 21.Nbd2 Qd7 22.a3 Qb7
23.Rc3 Rc7 24.Rdc1 Rec8 25.Qc2 Bd8 26.Bg2 Nd7 27.h4 Qa8 28.Qb1 Bb7 29.cxd5 cxd5
30.Rxc7 Rxc7 31.Rxc7 Bxc7 32.Bf1 Ba6 33.Qc2 Bxf1 34.Nxf1 Bd8 35.Qa4 Qb7 36.Qb5 Kf8
37.Ne3 Nb8 38.Kg2 Qa6 39.Qb3 Qc8 40.Qd3 Kg8  1/2-1/2

[Event "Cairo-B"]
[Site "Cairo"]
[Date "1997.??.??"]
[Round "4"]
[White "Horvath, Jozsef"]
[Black "Mohamed, Farag Amrou"]
[Result "1/2-1/2"]
[WhiteElo "2535"]
[BlackElo "2365"]

1.d4 Nf6 2.c4 e6 3.g3 Bb4+ 4.Bd2 a5 5.Bg2 O-O 6.Nf3 d5 7.Qc2 b6 8.Ne5 c6
9.O-O Be7 10.Nc3 Ba6 11.Rfd1 Ra7 12.e4 dxc4 13.Be3 Nbd7 14.Nxd7 Nxd7 15.d5 exd5
16.exd5 cxd5 17.Nxd5 Bc5 18.Bf4 h6 19.Bh3 Nf6 20.Nc7 Qe7 21.Re1 Rxc7 22.Rxe7 Rxe7  1/2-1/2

[Event "Cappelle op"]
[Site "Cappelle la Grande"]
[Date "1997.??.??"]
[Round "3"]
[White "Raetsky, Alexander"]
[Black "Sorsa, Nuutti"]
[Result "1-0"]
[WhiteElo "2440"]
[BlackElo "2270"]

1.d4 Nf6 2.c4 e6 3.g3 Bb4+ 4.Nd2 O-O 5.Bg2 d5 6.Nf3 c6 7.O-O b6 8.Qc2 Ba6
9.b3 Nbd7 10.Bb2 Rc8 11.e4 Nxe4 12.Nxe4 dxe4 13.Qxe4 Qc7 14.Rfd1 Rfd8 15.c5 bxc5
16.a3 Ba5 17.b4 Qb7 18.dxc5 Bc7 19.Qg4 g6 20.Qh4 e5 21.Qe7 Bb8 22.Bh3 f5
23.Qe6+ Kg7 24.Nxe5 Nxe5 25.Bxe5+ Bxe5 26.Qxe5+ Kf7 27.Bxf5 Rxd1+ 28.Rxd1 Re8
29.Qf4 gxf5 30.Qxf5+ Kg8 31.Rd7 Re1+ 32.Kg2 Bf1+ 33.Kf3 Be2+ 34.Kf4 Qb8+
35.Kg5  1-0

[Event "Cutro op"]
[Site "Cutro"]
[Date "1997.??.??"]
[Round "?"]
[White "Djuric, Stefan"]
[Black "Contin, Daniel"]
[Result "1-0"]
[WhiteElo "2535"]
[BlackElo "2320"]

1.d4 Nf6 2.c4 e6 3.g3 Bb4+ 4.Nd2 O-O 5.Bg2 d5 6.Qc2 c6 7.Nf3 b6 8.O-O Ba6
9.Rd1 Be7 10.Ne5 Nfd7 11.Nd3 Bb7 12.e4 c5 13.exd5 exd5 14.cxd5 Qc8 15.dxc5 Nxc5
16.Nxc5 Bxc5 17.Ne4 Na6 18.a3 Qf5 19.b4 Be7 20.Bb2 Qg6 21.d6 Rac8 22.dxe7 Rxc2
23.Rd8  1-0